000 00228 a2200097 4500
001 125512
040 _cEscola Canadense de Niteroi
100 _aCondemarin, Mabel
245 1 0 _aDislexia - Manual De Leitura Corretiva
942 _cBK
999 _c125512
_d125512